| 000 | 00806nam a2200181 4500 | ||
|---|---|---|---|
| 003 | LK-CoMWRAF | ||
| 005 | 20231218091732.0 | ||
| 008 | 231218b |||||||| |||| 00| 0 eng d | ||
| 020 | _a9789550249152 | ||
| 040 |
_aLK-CoMWRAF _dLK-CoMWRAF _eLK-CoMWRAF |
||
| 041 | _asin | ||
| 082 |
_a323.34 _bKAN |
||
| 245 | _aකාන්තා සහ ගැහැනු දරු ආරක්ෂණය පිළිබඳ ශ්රී ලංකා නීති නාමාවලිය | ||
| 246 | _aKantha saha gehanu daru arakshanaya pilibanda Sri lanka nithi namavaliya | ||
| 260 |
_aනුගේගොඩ : _bළමා හා කාන්ත කටයුතු අමාත්යාංශය, _c2012 |
||
| 700 |
_aදිසානායක, සාලින්ද සිරිමංගල _eills. |
||
| 942 | _cBK | ||
| 999 |
_c4514 _d4514 |
||